书目信息 |
| 题名: |
考试心理
|
|
| 作者: | 柏授 编著 | |
| 分册: | ||
| 出版信息: | 北京 中国人口出版社 1997 |
|
| 页数: | 154页 | |
| 开本: | 19cm | |
| 丛书名: | 实用心理学文库 | |
| 单 册: | ||
| 中图分类: | G424.7 | |
| 科图分类: | ||
| 主题词: | 学业评定 | |
| 电子资源: | ||
| ISBN: | 7-80079-362-1 | |
| 000 | 00613nam2 2200229 45 | |
| 001 | 0198030336 | |
| 005 | 20050323144316.2 | |
| 010 | @a7-80079-362-1@dCNY8.00 | |
| 100 | @a19980529d1997 em y0chiy0121 ea | |
| 101 | 0 | @achi |
| 102 | @aCN@b110000 | |
| 105 | @af z 000yy | |
| 200 | 10 | @a考试心理@Akao shi xin li@f柏授编著@FBai Shou Bian Zhu |
| 210 | @a北京@c中国人口出版社@d1997 | |
| 215 | @a154页@c插图@d19cm | |
| 225 | 2 | @a实用心理学文库 |
| 410 | 0 | @120010@a实用心理学文库 |
| 606 | @a学业评定 | |
| 690 | @aG424.7@v3 | |
| 701 | 0 | @a柏授@4编著 |
| 801 | 0 | @aCN@bNLC@c19980616 |
| 905 | @dG424.7@e70@f1@b282400 | |
| 考试心理/柏授编著.-北京:中国人口出版社,1997 |
| 154页:插图;19cm.-(实用心理学文库) |
| ISBN 7-80079-362-1:CNY8.00 |
| ● |
| 相关链接 |
|
|
|
|
正题名:考试心理
索取号:G424.7/70
 
预约/预借
| 序号 | 登录号 | 条形码 | 馆藏地/架位号 | 状态 | 备注 |
| 1 | 0282399 | 002823993 | 第四借阅区/ [索取号:G424.7/70] | 在馆 | |
| 2 | 0282400 | 002824000 | 第四借阅区/ [索取号:G424.7/70] | 在馆 | |
| 3 | 0282401 | 002824019 | 第四借阅区/ [索取号:G424.7/70] | 在馆 | |
| 4 | 0282402 | 002824028 | 第四借阅区/ [索取号:G424.7/70] | 在馆 | |
| 5 | 0282403 | 002824037 | 第一样本阅览室/ [索取号:G424.7/70] | 在馆 |